Cavs 2018-19 Roster - Statistics

General Stats
  • This quiz has been taken 75 times
  • The average score is 8 of 16
Answer Stats
Number Position Player Name % Correct
0 PF / C Kevin Love
96%
13 PF / C Tristan Thompson
84%
2 PG Collin Sexton
82%
5 SG J.R. Smith
75%
16 SF Cedi Osman
73%
22 PF Larry Nance
67%
41 C Ante Žižić
63%
26 SG / SF Kyle Korver
58%
8 PG / SG Jordan Clarkson
54%
3 PG George Hill
51%
9 PF / C Channing Frye
42%
1 SG Rodney Hood
40%
12 SG David Nwaba
21%
10 SG John Holland
10%
15 SF Sam Dekker
7%
20 PF / C Billy Preston
1%
No matching quizzes found
Score Distribution
Percent of People with Each Score
Percentile by Number Answered
Your Score History
You have not taken this quiz